000 00456nam a2200181Ia 4500
001 9205
005 20260306160706.0
008 260306t2010||||xx |||||||||||||| ||spa||
041 _aESP
082 _a375.001
_bS13
100 _aSacristán, J. Gimeno ...[et. al.]
_eAUT
245 0 _aSaberes e incertidumbres sobre el currículum
260 _c2010
300 _a636 páginas :
_c23 cm.
650 _aGEN
654 _aCED
942 _cLIB
_dJUS
_fJUS
_2ddc
_n
999 _c9205
_d9205